000
00317nam a2200133 a 4500
005
20140414131844.0
008
100524s19uu xx 00 eng d
050
_a
M 121.21
_b
C36 1985
100
_a
Canonigo, Cristina
245
_a
Booklet of knowledge.
260
_c
1985.
650
_a
Knowledge
999
_c
109857
_d
109857